Right of Wif, Children and Parents for Maintenance (Record no. 14724)

MARC details
000 -LEADER
fixed length control field 00544nam a2200217 a 4500
020 ## - INTERNATIONAL STANDARD BOOK NUMBER
ISBN
082 00 - DEWEY DECIMAL CLASSIFICATION NUMBER
Classification number 346.01
Author Cutter MAT
100 ## - MAIN ENTRY--AUTHOR NAME
Author name Mathew, P D
245 ## - TITLE STATEMENT
Title Right of Wif, Children and Parents for Maintenance
260 ## - PUBLICATION, DISTRIBUTION, ETC. (IMPRINT)
Place of publication Delhi
Name of publisher Indian Social Institute
Year of publication 2006
300 ## - PHYSICAL DESCRIPTION
Number of Pages 10p
500 ## - GENERAL NOTE
General note includes index and biblioraphy
650 ## - SUBJECT ADDED ENTRY--TOPICAL TERM
Topical Term Law-Maintenance
942 ## - ADDED ENTRY ELEMENTS (KOHA)
Koha item type Books
Holdings
Collection code Home library Current library Date acquired Cost, normal purchase price Full call number Accession Number Koha item type
  Henry Martyn Institute Library Henry Martyn Institute Library 04/11/2007 5.00 346.01 MAT 021720 Books
                   Copyright © 2026 | Henry Martyn Institute | Hyderabad | TS-500052 | INDIA | Implemented by hmi.edu.in
Hit-Count:

Powered by Koha